000
00309nam a22001337a 4500
008
181029b xxu||||| |||| 00| 0 eng d
020
_a
0135804736
041
_a
eng
080
_a
371
100
_a
46
101
_a
EDU
245
_a
Microcomputers in Reading & Language Arts
_c
Balajthy,E
942
_2
udc
_c
BK
999
_c
51042
_d
51042